Использование лазерного монитора для визуализации слабоконтрастных объектов; Неразрушающий контроль; Т. 2

Dades bibliogràfiques
Parent link:Неразрушающий контроль: сборник трудов VI Всероссийской научно-практической конференции "Неразрушающий контроль: электронное приборостроение, технологии, безопасность", Томск, 23-27 мая 2016 г./ Национальный исследовательский Томский политехнический университет (ТПУ).— , 2016
Т. 2.— 2016.— [5 с.]
Autor principal: Адиева Ю. Р.
Autor corporatiu: Национальный исследовательский Томский политехнический университет (ТПУ) Институт физики высоких технологий (ИФВТ)
Altres autors: Тригуб М. В. Максим Викторович (научный руководитель)
Sumari:Заглавие с титульного экрана
Idioma:rus
Publicat: 2016
Col·lecció:Электронно-измерительные устройства контроля и диагностики в технике и медицине
Matèries:
Accés en línia:http://earchive.tpu.ru/handle/11683/32704
Format: MixedMaterials Electrònic Capítol de llibre
KOHA link:https://koha.lib.tpu.ru/cgi-bin/koha/opac-detail.pl?biblionumber=620635

MARC

LEADER 00000naa2a2200000 4500
001 620635
005 20231101133124.0
035 |a (RuTPU)RU\TPU\conf\19138 
035 |a RU\TPU\conf\19137 
090 |a 620635 
100 |a 20161006d2016 k y0rusy50 ca 
101 0 |a rus 
102 |a RU 
105 |a y z 101zy 
135 |a drcn ---uucaa 
181 0 |a i  
182 0 |a b 
200 1 |a Использование лазерного монитора для визуализации слабоконтрастных объектов  |f Ю. Р. Адиева  |g науч. рук. М. В. Тригуб 
203 |a Текст  |c электронный 
225 1 |a Электронно-измерительные устройства контроля и диагностики в технике и медицине 
230 |a 1 компьютерный файл (pdf; 647 Kb) 
300 |a Заглавие с титульного экрана 
320 |a [Библиогр.: 4 назв.] 
461 1 |0 (RuTPU)RU\TPU\conf\19000  |t Неразрушающий контроль  |o сборник трудов VI Всероссийской научно-практической конференции "Неразрушающий контроль: электронное приборостроение, технологии, безопасность", Томск, 23-27 мая 2016 г.  |o в 3 т.  |f Национальный исследовательский Томский политехнический университет (ТПУ)  |d 2016 
463 1 |0 (RuTPU)RU\TPU\conf\19002  |t Т. 2  |v [5 с.]  |d 2016 
610 1 |a труды учёных ТПУ 
610 1 |a электронные ресурсы 
610 1 |a бромид меди 
610 1 |a лазерные мониторы 
610 1 |a оптические системы 
610 1 |a светофильтры 
610 1 |a линзы 
700 1 |a Адиева  |b Ю. Р. 
702 1 |a Тригуб  |b М. В.  |c специалист в области неразрушающего контроля  |c доцент Томского политехнического университета, кандидат технических наук  |f 1987-  |g Максим Викторович  |2 stltpush  |4 727 
712 0 2 |a Национальный исследовательский Томский политехнический университет (ТПУ)  |b Институт физики высоких технологий (ИФВТ)  |2 stltpush  |3 (RuTPU)RU\TPU\col\17233 
801 2 |a RU  |b 63413507  |c 20161021  |g RCR 
856 4 |u http://earchive.tpu.ru/handle/11683/32704 
942 |c BK